书目信息 |
| 题名: |
F7财务报告
|
|
| 作者: | 宋京津 编著 | |
| 分册: | ||
| 出版信息: | 武汉 华中科技大学出版社 2015.7 |
|
| 页数: | 201页 | |
| 开本: | 26cm | |
| 丛书名: | ACCA全球考试通关顶级中文辅导用书 | |
| 单 册: | ||
| 中图分类: | F231.5 | |
| 科图分类: | ||
| 主题词: | 会计报表--kuai ji bao biao--会计分析--注册会计师--资格考试--自学参考资料 | |
| 电子资源: | ||
| ISBN: | 978-7-5680-0250-9 | |
| 000 | 01162nam 2200265 450 | |
| 001 | 0100004871 | |
| 005 | 20150821081354.7 | |
| 010 | @a978-7-5680-0250-9@dCNY36.00 | |
| 100 | @a20150810d2015 em y0chiy0121 ea | |
| 101 | 0 | @achi@aeng |
| 102 | @aCN@b420000 | |
| 105 | @aak z 000yy | |
| 106 | @ar | |
| 200 | 1 | @aF7财务报告@AF7cai wu bao gao@d= Financial reporting (FR)@f宋京津编著@zeng |
| 210 | @a武汉@c华中科技大学出版社@d2015.7 | |
| 215 | @a201页@c图@d26cm | |
| 225 | 2 | @aACCA全球考试通关顶级中文辅导用书@AACCAquan qiu kao shi tong guan ding ji zhong wen fu dao yong shu |
| 330 | @a在本书中, 原文教材中各章节中主要涉及编制、列报、分析并解释遵循国际会计标准的财务报表等内容。包括: 财务报告的概念框架; 财务报告的制度框架; 财务报表 ; 企业合并。本书对这些重要考点、难点进行详细介绍解释, 让考生的学习更加轻松。也可充当考生自学笔记。 | |
| 410 | 0 | @12001 @aACCA全球考试通关顶级中文辅导用书 |
| 510 | 1 | @aFinancial reporting (FR)@zeng |
| 606 | 0 | @a会计报表@Akuai ji bao biao@x会计分析@x注册会计师@x资格考试@j自学参考资料 |
| 690 | @aF231.5@v5 | |
| 701 | 0 | @a宋京津@Asong jing jin@4编著 |
| 801 | 0 | @aCN@c20160515 |
| 905 | @a河南城建学院图书馆@dF231.5@eS766 | |
| F7财务报告= Financial reporting (FR)/宋京津编著.-武汉:华中科技大学出版社,2015.7 |
| 201页:图;26cm.-(ACCA全球考试通关顶级中文辅导用书) |
| ISBN 978-7-5680-0250-9:CNY36.00 |
| 在本书中, 原文教材中各章节中主要涉及编制、列报、分析并解释遵循国际会计标准的财务报表等内容。包括: 财务报告的概念框架; 财务报告的制度框架; 财务报表 ; 企业合并。本书对这些重要考点、难点进行详细介绍解释, 让考生的学习更加轻松。也可充当考生自学笔记。 |
| ● |
| 相关链接 |
|
|
|
正题名:F7财务报告
索取号:F231.5/S766
 
预约/预借
| 序号 | 登录号 | 条形码 | 馆藏地/架位号 | 状态 | 备注 |
| 1 | 1254041 | 212540419 | 社科库409/409社科库 76排1列2层/ [索取号:F231.5/S766] | 在馆 | |
| 2 | 1254042 | 212540428 | 社科库409/409社科库 76排1列2层/ [索取号:F231.5/S766] | 在馆 | |
| 3 | 1254043 | 212540437 | 社科库409/409社科库 76排1列2层/ [索取号:F231.5/S766] | 在馆 |